[Event "Wch Juvenil 2013 sub-18"]
[Site "Al-Ain UAE"]
[Date "2013.12.20"]
[Round "3.4"]
[White "Naroditsky, Daniel"]
[Black "Kriebel, Tadeas"]
[Result "1/2-1/2"]
[WhiteElo "2531"]
[BlackElo "2363"]
[PlyCount "44"]
[EventDate "2013.12.19"]
[EventType "swiss"]
[EventRounds "11"]
[EventCountry "UAE"]
[Source "lmi"]
[SourceDate "2013.12.19"]

1. e4 c5 2. Nf3 d6 3. d4 cxd4 4. Nxd4 Nf6 5. Nc3 a6 6. Be3 e5 7. Nb3 Be7 8. f4
O-O 9. Be2 Nbd7 10. g4 exf4 11. Bxf4 Ne5 12. g5 Nfg4 13. h3 Ng6 14. Bc1 N4e5
15. h4 Nxh4 16. Rxh4 Bxg5 17. Bxg5 Qxg5 18. Rh1 Qg3+ 19. Kd2 Qf4+ 20. Ke1 Qg3+
21. Kd2 Qf4+ 22. Ke1 Qg3+ 1/2-1/2

[Event "Wch Juvenil 2013 sub-18"]
[Site "Al-Ain UAE"]
[Date "2013.12.20"]
[Round "3.5"]
[White "Johansson, Linus"]
[Black "Chigaev, Maksim"]
[Result "1/2-1/2"]
[WhiteElo "2314"]
[BlackElo "2508"]
[PlyCount "48"]
[EventDate "2013.12.19"]
[EventType "swiss"]
[EventRounds "11"]
[EventCountry "UAE"]
[Source "lmi"]
[SourceDate "2013.12.19"]

1. d4 Nf6 2. c4 g6 3. Nc3 d5 4. Nf3 Bg7 5. Qb3 dxc4 6. Qxc4 O-O 7. e4 Be6 8. d5
Bc8 9. Be2 c6 10. O-O cxd5 11. exd5 Bg4 12. h3 Bxf3 13. Bxf3 Nbd7 14. Bf4 Ne8
15. Qb4 Ne5 16. Bxe5 Bxe5 17. Rfe1 Bf6 18. d6 Qxd6 19. Qxb7 Rb8 20. Qxa7 Bd4
21. Qxe7 Rxb2 22. Qxd6 Nxd6 23. Ne2 Ba7 24. Reb1 Rfb8 1/2-1/2

[Event "Wch Juvenil 2013 sub-18"]
[Site "Al-Ain UAE"]
[Date "2013.12.20"]
[Round "3.8"]
[White "Laurusas, Tomas"]
[Black "Lewtak, Damian"]
[Result "0-1"]
[WhiteElo "2431"]
[BlackElo "2306"]
[PlyCount "78"]
[EventDate "2013.12.19"]
[EventType "swiss"]
[EventRounds "11"]
[EventCountry "UAE"]
[Source "lmi"]
[SourceDate "2013.12.19"]

1. d4 Nf6 2. c4 g6 3. Nc3 Bg7 4. g3 O-O 5. Bg2 d6 6. e3 Nc6 7. Nge2 Na5 8. b3
Rb8 9. O-O c5 10. Ba3 b6 11. Qd2 Bb7 12. e4 Nd7 13. Bb2 a6 14. Rfd1 Bc6 15. Nd5
Bxd5 16. exd5 b5 17. Bc3 Nb7 18. dxc5 dxc5 19. Bxg7 Kxg7 20. b4 bxc4 21. bxc5
Ndxc5 22. Qd4+ Kg8 23. Qxc4 Qd6 24. Nd4 Rbc8 25. Rac1 Rc7 26. Qe2 Rfc8 27. Bh3
Rf8 28. Rc3 Rd8 29. Bg2 e6 30. dxe6 Nxe6 31. Rcd3 Qb6 32. Nxe6 Rxd3 33. Qxd3
Qxe6 34. Qb1 Qc8 35. Bf1 Nc5 36. Qb6 Qb7 37. Qf6 Rd7 38. Re1 Ne6 39. Bc4 Re7
0-1

[Event "Wch Juvenil 2013 sub-18"]
[Site "Al-Ain UAE"]
[Date "2013.12.20"]
[Round "3.9"]
[White "Barbot, Pierre"]
[Black "Saraci, Nderim"]
[Result "1-0"]
[WhiteElo "2404"]
[BlackElo "2047"]
[PlyCount "59"]
[EventDate "2013.12.19"]
[EventType "swiss"]
[EventRounds "11"]
[EventCountry "UAE"]
[Source "lmi"]
[SourceDate "2013.12.19"]

1. d4 Nf6 2. Nf3 e6 3. e3 b6 4. Bd3 Bb7 5. O-O c5 6. c4 Be7 7. Nc3 cxd4 8. exd4
d5 9. cxd5 Nxd5 10. Ne5 O-O 11. Qg4 f5 12. Qe2 Bf6 13. Re1 Re8 14. Bb5 Re7 15.
Ba4 a6 16. Bd2 b5 17. Bb3 Nc6 18. Nxd5 exd5 19. Qd3 Nxe5 20. dxe5 Rxe5 21. Rxe5
Bxe5 22. Qxf5 Bxb2 23. Rd1 Bf6 24. Be3 Qe8 25. Bc2 d4 26. Qxh7+ Kf8 27. Bd2 Qf7
28. Bb4+ Be7 29. Qh8+ Qg8 30. Qxg8+ 1-0

[Event "Wch Juvenil 2013 sub-18"]
[Site "Al-Ain UAE"]
[Date "2013.12.20"]
[Round "3.10"]
[White "Martinez Romero, Martin"]
[Black "Eliseev, Urii"]
[Result "1/2-1/2"]
[WhiteElo "2381"]
[BlackElo "2552"]
[PlyCount "60"]
[EventDate "2013.12.19"]
[EventType "swiss"]
[EventRounds "11"]
[EventCountry "UAE"]
[Source "lmi"]
[SourceDate "2013.12.19"]

1. e4 c5 2. Nf3 Nc6 3. d4 cxd4 4. Nxd4 Nf6 5. Nc3 d6 6. Bg5 e6 7. Qd2 a6 8.
O-O-O Bd7 9. f4 b5 10. Bxf6 gxf6 11. Kb1 Qb6 12. Nxc6 Bxc6 13. f5 b4 14. Ne2 e5
15. Ng3 h5 16. h4 Qc5 17. Qe2 Ke7 18. Nxh5 Bb5 19. Qg4 Bh6 20. Rd5 Qa7 21. Qd1
Bc6 22. Bc4 Rac8 23. b3 Bxd5 24. Qxd5 Rh7 25. g4 Be3 26. Rd1 Qc7 27. Qd3 Qb6
28. Qd5 Qc6 29. Qd3 Qb6 30. Qd5 Qc6 1/2-1/2

[Event "Wch Juvenil 2013 sub-18"]
[Site "Al-Ain UAE"]
[Date "2013.12.20"]
[Round "3.12"]
[White "Horvath, David"]
[Black "Idani, Pouya"]
[Result "0-1"]
[WhiteElo "2351"]
[BlackElo "2483"]
[PlyCount "126"]
[EventDate "2013.12.19"]
[EventType "swiss"]
[EventRounds "11"]
[EventCountry "UAE"]
[Source "lmi"]
[SourceDate "2013.12.19"]

1. c4 c5 2. Nc3 Nc6 3. g3 g6 4. Bg2 Bg7 5. Nf3 d6 6. O-O Bf5 7. d3 Qd7 8. Rb1
Nf6 9. a3 Bh3 10. Bxh3 Qxh3 11. Nd5 Qd7 12. Nxf6+ exf6 13. b4 O-O 14. Be3 b6
15. d4 cxd4 16. Bxd4 Qe6 17. Qd3 Rac8 18. Rbc1 Ne5 19. Bxe5 dxe5 20. Nd2 f5 21.
Nb3 Rfd8 22. Qc2 Bh6 23. e3 f4 24. exf4 exf4 25. Rcd1 Rxd1 26. Rxd1 Rxc4 27.
Qd3 fxg3 28. hxg3 Bg7 29. Qd8+ Bf8 30. Qa8 Rc8 31. Qf3 Bg7 32. Kg2 h5 33. Rd3
Bb2 34. Nd4 Qc4 35. Ne2 Re8 36. Nf4 Qe4 37. Qxe4 Rxe4 38. Rb3 Be5 39. Kf3 Rc4
40. Nd5 f6 41. Rd3 Kf7 42. Ne3 Rd4 43. Rxd4 Bxd4 44. Nd5 g5 45. Nc7 Be5 46. Nb5
a6 47. Na7 b5 48. Nc6 Ke6 49. Ke4 f5+ 50. Kf3 g4+ 51. Ke3 Bc7 52. Nd4+ Ke5 53.
f4+ gxf3 54. Nxf3+ Kd5 55. Nh4 Ke6 56. Kf3 Be5 57. Ng2 Bb2 58. Nf4+ Kd6 59. Nd3
Bxa3 60. Kf4 Kd5 61. Kxf5 Kc4 62. Nc5 Bxb4 63. Nxa6 Bd6 0-1

[Event "Wch Juvenil 2013 sub-18"]
[Site "Al-Ain UAE"]
[Date "2013.12.20"]
[Round "3.13"]
[White "Lkhagvasuren, Tsedvee"]
[Black "De Filomeno, Simone"]
[Result "0-1"]
[WhiteElo "2292"]
[BlackElo "2431"]
[PlyCount "150"]
[EventDate "2013.12.19"]
[EventType "swiss"]
[EventRounds "11"]
[EventCountry "UAE"]
[Source "lmi"]
[SourceDate "2013.12.19"]

1. c4 e6 2. Nc3 d5 3. d4 Be7 4. cxd5 exd5 5. Bf4 c6 6. e3 Bf5 7. Bd3 Bxd3 8.
Qxd3 Nf6 9. h3 Bd6 10. Bxd6 Qxd6 11. Nf3 Nbd7 12. O-O O-O 13. Nd2 Rfe8 14. Rfe1
Re6 15. Ne2 Rae8 16. Qb3 Qb8 17. a4 Ne4 18. Nxe4 Rxe4 19. Qc3 Nf6 20. b4 R4e6
21. Nf4 Ne4 22. Qc2 Rh6 23. Nd3 Nd6 24. Ne5 a6 25. Reb1 Qd8 26. Re1 Qg5 27. Nf3
Qh5 28. Ne5 Qg5 29. Nf3 Qe7 30. Ne5 Rf6 31. Rad1 Qe6 32. Rb1 Rh6 33. Rbd1 Nf5
34. Rb1 Nh4 35. f3 f6 36. Ng4 Rg6 37. Qf2 Nxg2 38. Kxg2 f5 39. e4 dxe4 40. Kh1
fxg4 41. Rxe4 Qf7 42. Rxe8+ Qxe8 43. Qa2+ Qf7 44. Qxf7+ Kxf7 45. hxg4 Rd6 46.
Rd1 Rd7 47. Kg2 Ke6 48. Kf2 Kd5 49. Rc1 Re7 50. Rc5+ Kxd4 51. Rc1 Rc7 52. Rc2
b6 53. Ke2 c5 54. bxc5 bxc5 55. Kd1 c4 56. Rh2 Ke3 57. Rh3 g6 58. Kc2 c3 59.
Rh1 Kxf3 60. g5 Kf4 61. Rg1 Rc5 62. Rh1 Kxg5 63. Rxh7 Kf4 64. Rf7+ Ke5 65. Re7+
Kd5 66. Rd7+ Ke6 67. Rg7 Kf6 68. Rb7 a5 69. Rb8 g5 70. Rf8+ Ke5 71. Re8+ Kf4
72. Rd8 Kf3 73. Rg8 Kf4 74. Rf8+ Kg3 75. Rb8 g4 0-1

[Event "Wch Juvenil 2013 sub-18"]
[Site "Al-Ain UAE"]
[Date "2013.12.20"]
[Round "3.14"]
[White "Radovanovic, Nikola"]
[Black "Goryachkina, Aleksandra"]
[Result "1/2-1/2"]
[WhiteElo "2272"]
[BlackElo "2428"]
[PlyCount "86"]
[EventDate "2013.12.19"]
[EventType "swiss"]
[EventRounds "11"]
[EventCountry "UAE"]
[Source "lmi"]
[SourceDate "2013.12.19"]

1. d4 d5 2. c4 e6 3. Nf3 c6 4. e3 Bd6 5. b3 Nf6 6. Bd3 b6 7. Bb2 Bb7 8. O-O
Nbd7 9. Nbd2 O-O 10. Ne5 h6 11. f4 c5 12. Qe2 Ne4 13. Nxe4 dxe4 14. Bc2 Qe7 15.
Rad1 Rfd8 16. f5 cxd4 17. Nxd7 d3 18. Qg4 Qg5 19. Qxg5 hxg5 20. fxe6 fxe6 21.
Bxd3 exd3 22. Rxd3 Rxd7 23. Rfd1 Rad8 24. Be5 Bxe5 25. Rxd7 Rxd7 26. Rxd7 Be4
27. Rxa7 Kf8 28. Kf2 Bd6 29. a3 g6 30. b4 Bb8 31. Ra6 Bc7 32. c5 bxc5 33. Rxe6
Bf5 34. Rc6 Be5 35. Rxc5 Bd6 36. Rc3 Bd7 37. h3 Ke7 38. e4 Ke6 39. Rd3 Bc6 40.
Kf3 Ke5 41. Re3 Be7 42. Re2 Bb7 43. Re1 Bd8 1/2-1/2

[Event "Wch Juvenil 2013 sub-18"]
[Site "Al-Ain UAE"]
[Date "2013.12.20"]
[Round "3.15"]
[White "Patil, Pratik"]
[Black "Ma, Zhonghan"]
[Result "0-1"]
[WhiteElo "2265"]
[BlackElo "2412"]
[PlyCount "56"]
[EventDate "2013.12.19"]
[EventType "swiss"]
[EventRounds "11"]
[EventCountry "UAE"]
[Source "lmi"]
[SourceDate "2013.12.19"]

1. e4 c5 2. c3 g6 3. d4 cxd4 4. cxd4 d5 5. e5 Bg7 6. Nc3 Nc6 7. h3 f6 8. exf6
Nxf6 9. Nf3 O-O 10. Bb5 Ne4 11. O-O Rxf3 12. gxf3 Nd6 13. Bxc6 bxc6 14. Bf4
Bxh3 15. Re1 Nf5 16. Kh2 e5 17. dxe5 Qh4 18. Bg3 Qh5 19. Kg1 Nh4 20. Re3 Rf8
21. e6 Nxf3+ 22. Rxf3 Qxf3 23. Qxf3 Rxf3 24. Re1 Rf8 25. Na4 Re8 26. Nc5 Bxb2
27. e7 Bf5 28. Bd6 Kf7 0-1

[Event "Wch Juvenil 2013 sub-18"]
[Site "Al-Ain UAE"]
[Date "2013.12.20"]
[Round "3.16"]
[White "Kenneskog, Theodor"]
[Black "Srbis, Jurica"]
[Result "1/2-1/2"]
[WhiteElo "2270"]
[BlackElo "2399"]
[PlyCount "76"]
[EventDate "2013.12.19"]
[EventType "swiss"]
[EventRounds "11"]
[EventCountry "UAE"]
[Source "lmi"]
[SourceDate "2013.12.19"]

1. e4 e5 2. Nf3 Nc6 3. Bb5 a6 4. Ba4 Nf6 5. O-O Be7 6. Re1 b5 7. Bb3 O-O 8. c3
d5 9. exd5 Nxd5 10. Nxe5 Nxe5 11. Rxe5 c6 12. d4 Bd6 13. Re1 Qh4 14. g3 Qh3 15.
Re4 g5 16. Qf3 Bf5 17. Bc2 Bxe4 18. Bxe4 f5 19. Bxd5+ cxd5 20. Bxg5 f4 21.
Qxd5+ Kg7 22. Qxd6 f3 23. Qh6+ Qxh6 24. Bxh6+ Kxh6 25. Nd2 Rae8 26. Rd1 Re2 27.
b3 Kg5 28. h3 Kf5 29. c4 bxc4 30. bxc4 Rb8 31. Nxf3 Rbb2 32. Rf1 Ke4 33. Kg2
Rxa2 34. d5 Ra3 35. Ng1 Rc2 36. Re1+ Kd4 37. Nf3+ Kc5 38. Rd1 Raa2 1/2-1/2

[Event "Wch Juvenil 2013 sub-18"]
[Site "Al-Ain UAE"]
[Date "2013.12.20"]
[Round "3.17"]
[White "Lokander, Martin"]
[Black "Lugovskoy, Maxim"]
[Result "1-0"]
[WhiteElo "2246"]
[BlackElo "2392"]
[PlyCount "97"]
[EventDate "2013.12.19"]
[EventType "swiss"]
[EventRounds "11"]
[EventCountry "UAE"]
[Source "lmi"]
[SourceDate "2013.12.19"]

1. d4 Nf6 2. c4 e6 3. Nc3 Bb4 4. Qc2 d5 5. a3 Bxc3+ 6. Qxc3 Ne4 7. Qc2 O-O 8.
e3 c6 9. Bd3 f5 10. Nh3 Bd7 11. O-O Be8 12. f3 Nf6 13. Bd2 Bf7 14. Rac1 Qb6 15.
Bb4 Re8 16. Bd6 Nbd7 17. c5 Qd8 18. b4 a6 19. a4 Bg6 20. Kh1 Nb6 21. Bf4 Nbd7
22. Ra1 Qc8 23. Bd6 Nf8 24. b5 axb5 25. axb5 Qd7 26. b6 h6 27. Qc3 Qf7 28. Rxa8
Rxa8 29. Ra1 Qe8 30. Ra3 N8d7 31. Qa1 Rxa3 32. Qxa3 Qc8 33. Qa7 Ne8 34. Bg3
Nef6 35. Ng1 e5 36. Ne2 e4 37. fxe4 fxe4 38. Ba6 bxa6 39. Qc7 Qe8 40. Qxc6 Bh5
41. Nc3 Qf7 42. b7 Kh7 43. Qxa6 Ng4 44. c6 Nxe3 45. cxd7 Nxg2 46. d8=Q Ne3 47.
Qdf6 gxf6 48. b8=Q Nf5 49. Qab7 1-0

[Event "Wch Juvenil 2013 sub-18"]
[Site "Al-Ain UAE"]
[Date "2013.12.20"]
[Round "3.18"]
[White "Prince, Bajaj"]
[Black "Loiseau, Quentin"]
[Result "1/2-1/2"]
[WhiteElo "2227"]
[BlackElo "2388"]
[PlyCount "35"]
[EventDate "2013.12.19"]
[EventType "swiss"]
[EventRounds "11"]
[EventCountry "UAE"]
[Source "lmi"]
[SourceDate "2013.12.19"]

1. e4 e5 2. Nf3 Nc6 3. Bb5 a6 4. Ba4 Nf6 5. O-O Bc5 6. c3 b5 7. Bc2 d5 8. d4
dxe4 9. Nxe5 Nxe5 10. dxe5 Qxd1 11. Rxd1 Ng4 12. Bxe4 Nxf2 13. Bc6+ Ke7 14. Rd5
Bb6 15. Bxa8 Nd3+ 16. Kf1 Nxc1 17. Nd2 Be6 18. Rxc1 1/2-1/2

[Event "Wch Juvenil 2013 sub-18"]
[Site "Al-Ain UAE"]
[Date "2013.12.20"]
[Round "3.19"]
[White "Izzat, Kanan"]
[Black "Martinez Maya, Steven"]
[Result "1-0"]
[WhiteElo "2385"]
[PlyCount "47"]
[EventDate "2013.12.19"]
[EventType "swiss"]
[EventRounds "11"]
[EventCountry "UAE"]
[Source "lmi"]
[SourceDate "2013.12.19"]
[BlackElo "2065"]

1. d4 Nf6 2. c4 e6 3. g3 d5 4. Nf3 c6 5. Bg2 Bb4+ 6. Bd2 Be7 7. O-O O-O 8. Qc2
Nbd7 9. Bf4 Ne4 10. Nc3 f5 11. Rad1 Ndf6 12. Ne5 Bd7 13. f3 Nxc3 14. bxc3 b5
15. c5 Qa5 16. e4 a6 17. Rde1 Qd8 18. g4 Ra7 19. Qe2 Be8 20. exf5 exf5 21. Nxc6
Bxc6 22. Qe6+ Kh8 23. Qxc6 Ne8 24. g5 1-0

[Event "Wch Juvenil 2013 sub-18"]
[Site "Al-Ain UAE"]
[Date "2013.12.20"]
[Round "3.20"]
[White "Hughes, John L"]
[Black "Studer, Noel"]
[Result "1-0"]
[WhiteElo "2155"]
[BlackElo "2385"]
[PlyCount "77"]
[EventDate "2013.12.19"]
[EventType "swiss"]
[EventRounds "11"]
[EventCountry "UAE"]
[Source "lmi"]
[SourceDate "2013.12.19"]

1. e4 e5 2. Nf3 Nc6 3. Bc4 Bc5 4. c3 Nf6 5. d3 a6 6. Nbd2 d6 7. Bb3 Ba7 8. Nf1
h6 9. Ng3 Qe7 10. h3 g5 11. Nh2 Be6 12. Qf3 O-O-O 13. Nf5 Qd7 14. Ng4 Nxg4 15.
hxg4 Bxb3 16. axb3 Qe6 17. b4 Kb8 18. Rh3 Bb6 19. g3 d5 20. exd5 Rxd5 21. Bxg5
Rg8 22. Rxh6 Qd7 23. Be3 Rxd3 24. Qe4 Rd8 25. Kf1 Rd1+ 26. Rxd1 Qxd1+ 27. Kg2
Qe1 28. g5 Bxe3 29. Qxe3 Qb1 30. Rf6 e4 31. Rxf7 Ne5 32. Re7 Nd3 33. Rxe4 b6
34. g6 Nxb2 35. g7 Nd1 36. Qe1 Qb3 37. Ne7 Nxc3 38. Nc6+ Kc8 39. Nxd8 1-0

[Event "Wch Juvenil 2013 sub-18"]
[Site "Al-Ain UAE"]
[Date "2013.12.20"]
[Round "3.21"]
[White "Vaibhav, Suri"]
[Black "Emiroglu, Cankut"]
[Result "1/2-1/2"]
[WhiteElo "2544"]
[BlackElo "2309"]
[PlyCount "76"]
[EventDate "2013.12.19"]
[EventType "swiss"]
[EventRounds "11"]
[EventCountry "UAE"]
[Source "lmi"]
[SourceDate "2013.12.19"]

1. e4 c6 2. d4 d5 3. Nc3 dxe4 4. Nxe4 Nd7 5. Nf3 Ngf6 6. Ned2 b6 7. Nc4 Bb7 8.
Bf4 Nd5 9. Qe2 e6 10. Nd6+ Bxd6 11. Bxd6 N7f6 12. Ba3 Ne7 13. g3 O-O 14. Bg2
Re8 15. O-O Ng6 16. c4 e5 17. dxe5 c5 18. b3 Qc7 19. Bb2 Rad8 20. Rfe1 Ng4 21.
Rad1 Bxf3 22. Bxf3 N4xe5 23. Bd5 Re7 24. Qh5 Rde8 25. Kg2 Qc8 26. Re3 Ng4 27.
Rxe7 Rxe7 28. Rd2 Nf6 29. Qf3 Nxd5 30. cxd5 Qd7 31. d6 Re8 32. a3 h6 33. Qd5
Qg4 34. Kf1 Qh3+ 35. Qg2 Qe6 36. Qd5 Qh3+ 37. Qg2 Qe6 38. Qd5 Qh3+ 1/2-1/2

[Event "Wch Juvenil 2013 sub-18"]
[Site "Al-Ain UAE"]
[Date "2013.12.20"]
[Round "3.22"]
[White "Anton Guijarro, David"]
[Black "Gstach, Jakob"]
[Result "1-0"]
[WhiteElo "2558"]
[BlackElo "2227"]
[PlyCount "81"]
[EventDate "2013.12.19"]
[EventType "swiss"]
[EventRounds "11"]
[EventCountry "UAE"]
[Source "lmi"]
[SourceDate "2013.12.19"]

1. d4 Nf6 2. c4 g6 3. Nc3 Bg7 4. e4 d6 5. Nge2 O-O 6. Ng3 c5 7. d5 a6 8. a4 e6
9. Be2 exd5 10. exd5 h5 11. Bg5 Qb6 12. Ra3 Nh7 13. Rb3 Qc7 14. Bf4 Nd7 15. O-O
Ne5 16. Nb1 Bd7 17. Ra3 Rae8 18. h3 h4 19. Nh1 f5 20. f3 g5 21. Bd2 f4 22. Bc3
Bf5 23. Nd2 Nf6 24. Nf2 Nf7 25. Re1 Re3 26. Nf1 Re7 27. Bd3 Nh6 28. Rxe7 Qxe7
29. Rb3 Qd7 30. a5 Re8 31. Rb6 Nh5 32. Bxg7 Kxg7 33. Qb3 Re7 34. Qc3+ Nf6 35.
Ne4 Kg6 36. Ned2 Kf7 37. b4 cxb4 38. Qxb4 Ne8 39. Qc3 Qa4 40. c5 dxc5 41. Rxh6
1-0

[Event "Wch Juvenil 2013 sub-18"]
[Site "Al-Ain UAE"]
[Date "2013.12.20"]
[Round "3.23"]
[White "Drnovsek, Gal"]
[Black "Dragun, Kamil"]
[Result "0-1"]
[WhiteElo "2232"]
[BlackElo "2530"]
[PlyCount "104"]
[EventDate "2013.12.19"]
[EventType "swiss"]
[EventRounds "11"]
[EventCountry "UAE"]
[Source "lmi"]
[SourceDate "2013.12.19"]

1. d4 Nf6 2. c4 e6 3. Nc3 Bb4 4. Bd2 d5 5. e3 O-O 6. Nf3 c5 7. a3 Bxc3 8. Bxc3
Ne4 9. Bd3 Nxc3 10. bxc3 dxc4 11. Bxc4 Qa5 12. Qc2 cxd4 13. exd4 Nd7 14. O-O b6
15. Rfb1 Ba6 16. Bxa6 Qxa6 17. c4 Rac8 18. Rb4 Rc7 19. Qb3 Qc8 20. Rc1 Nb8 21.
Rb5 h6 22. h3 Rd8 23. Qd3 Qa6 24. Rb3 Nc6 25. c5 Qxd3 26. Rxd3 b5 27. Rb1 a6
28. Kf1 Rd5 29. Ke2 Rcd7 30. Rbd1 Kf8 31. Ke3 Ke7 32. Ne1 e5 33. dxe5 Rxe5+ 34.
Kf3 Rxd3+ 35. Nxd3 Rd5 36. Re1+ Kd7 37. Nb4 Rf5+ 38. Kg3 Rxc5 39. Nxa6 Rc3+ 40.
Re3 Rxe3+ 41. fxe3 Kd6 42. e4 Ne5 43. Nb4 Nc4 44. Nc2 Ke5 45. Kf3 Nd2+ 46. Ke3
Nxe4 47. Nd4 Nd6 48. Kd3 Kd5 49. Nc2 Nc4 50. Kc3 Kc5 51. Kb3 f5 52. Kc3 Nxa3
0-1

[Event "Wch Juvenil 2013 sub-18"]
[Site "Al-Ain UAE"]
[Date "2013.12.20"]
[Round "3.24"]
[White "Abasov, Nijat"]
[Black "Starcevs, Dmitrijs"]
[Result "1-0"]
[WhiteElo "2510"]
[BlackElo "2178"]
[PlyCount "95"]
[EventDate "2013.12.19"]
[EventType "swiss"]
[EventRounds "11"]
[EventCountry "UAE"]
[Source "lmi"]
[SourceDate "2013.12.19"]

1. Nf3 Nf6 2. c4 g6 3. Nc3 d5 4. cxd5 Nxd5 5. Qc2 Nc6 6. d4 Ndb4 7. Qa4 Bd7 8.
Qd1 e5 9. dxe5 Bf5 10. Bg5 Be7 11. e4 Bg4 12. Bxe7 Qxe7 13. a3 Bxf3 14. gxf3
Rd8 15. Qa4 Nd3+ 16. Bxd3 Rxd3 17. Qb5 Rxf3 18. Qxb7 Nd8 19. Qb4 Qxe5 20. O-O-O
c6 21. Kb1 a5 22. Qb6 O-O 23. Rxd8 Rxc3 24. Rxf8+ Kxf8 25. bxc3 Qxe4+ 26. Kb2
Qxh1 27. Qxa5 Qxh2 28. Qc5+ Kg8 29. a4 h5 30. a5 h4 31. a6 Qc7 32. Ka3 h3 33.
a7 Qb7 34. Qa5 Qa8 35. Qb6 h2 36. Qb8+ Kg7 37. Qxa8 h1=Q 38. Qb8 Qa1+ 39. Kb3
Qb1+ 40. Kc4 Qa2+ 41. Kc5 Qa5+ 42. Kd6 Qd5+ 43. Kc7 Qe5+ 44. Kb7 Qb5+ 45. Ka8
Qd5 46. c4 Qd4 47. Kb7 Qb2+ 48. Kc8 1-0

[Event "Wch Juvenil 2013 sub-18"]
[Site "Al-Ain UAE"]
[Date "2013.12.20"]
[Round "3.25"]
[White "Grover, Sahaj"]
[Black "Dolnak, Michal"]
[Result "1-0"]
[WhiteElo "2485"]
[BlackElo "2164"]
[PlyCount "91"]
[EventDate "2013.12.19"]
[EventType "swiss"]
[EventRounds "11"]
[EventCountry "UAE"]
[Source "lmi"]
[SourceDate "2013.12.19"]

1. e4 e5 2. Nf3 Nc6 3. Bb5 Nf6 4. Nc3 Bb4 5. d3 d6 6. O-O O-O 7. Bg5 Ne7 8. Nh4
c6 9. Bc4 d5 10. Bb3 a5 11. a4 Bxc3 12. bxc3 dxe4 13. dxe4 Qxd1 14. Raxd1 Ng6
15. Nxg6 hxg6 16. f3 Be6 17. Rd6 Rfd8 18. Rfd1 Rxd6 19. Rxd6 Bxb3 20. cxb3 Kf8
21. Bxf6 gxf6 22. Rd7 Rb8 23. Rc7 b5 24. Rxc6 bxa4 25. bxa4 Rb1+ 26. Kf2 Ra1
27. Rxf6 Rxa4 28. Ke3 Ra2 29. Ra6 Rxg2 30. Rxa5 Rc2 31. Rc5 g5 32. Kd3 Rxh2 33.
Rxe5 Rh3 34. Rxg5 Rxf3+ 35. Kd4 Rf1 36. c4 Ke7 37. Re5+ Kd6 38. c5+ Kc6 39. Rf5
Rd1+ 40. Ke5 Rd7 41. Kf6 Ra7 42. Rg5 Rb7 43. e5 Rc7 44. Rg7 Kxc5 45. e6 Rc6 46.
Kxf7 1-0

[Event "Wch Juvenil 2013 sub-18"]
[Site "Al-Ain UAE"]
[Date "2013.12.20"]
[Round "3.26"]
[White "Bortnyk, Olexandr"]
[Black "Savitski, Andrei"]
[Result "1-0"]
[WhiteElo "2474"]
[BlackElo "2150"]
[PlyCount "67"]
[EventDate "2013.12.19"]
[EventType "swiss"]
[EventRounds "11"]
[EventCountry "UAE"]
[Source "lmi"]
[SourceDate "2013.12.19"]

1. e4 c5 2. c3 Nf6 3. e5 Nd5 4. d4 cxd4 5. Nf3 Nc6 6. cxd4 d6 7. Bc4 Nb6 8. Bb5
Bd7 9. Nc3 e6 10. O-O a6 11. Bd3 dxe5 12. dxe5 Qc7 13. Bf4 Nb4 14. Be4 Bc6 15.
Bxc6+ Qxc6 16. Bg5 h6 17. Bh4 N4d5 18. Rc1 Nxc3 19. Rxc3 Qd7 20. Qxd7+ Kxd7 21.
Rb3 Bc5 22. Rd1+ Kc6 23. Rc1 g5 24. Bg3 Rac8 25. h4 gxh4 26. Bxh4 Kd5 27. Bf6
Rhg8 28. Rd3+ Ke4 29. Rcd1 Rg4 30. b4 Bf8 31. Rd4+ Kf5 32. Rxg4 Kxg4 33. Rd4+
Kh5 34. Nh4 1-0

[Event "Wch Juvenil 2013 sub-18"]
[Site "Al-Ain UAE"]
[Date "2013.12.20"]
[Round "3.28"]
[White "Ynojosa, Felix Jose"]
[Black "Kisic, Bozidar"]
[Result "1-0"]
[WhiteElo "2448"]
[BlackElo "2130"]
[PlyCount "51"]
[EventDate "2013.12.19"]
[EventType "swiss"]
[EventRounds "11"]
[EventCountry "UAE"]
[Source "lmi"]
[SourceDate "2013.12.19"]

1. e4 g6 2. d4 Bg7 3. c3 d6 4. f4 Nf6 5. Bd3 O-O 6. Nf3 c5 7. dxc5 dxc5 8. e5
Nfd7 9. O-O Nc6 10. Qe2 Nb6 11. Be3 Nd5 12. Na3 Nxe3 13. Qxe3 b6 14. Rad1 Qc7
15. Be4 Bb7 16. e6 fxe6 17. Ng5 Rf6 18. Nxe6 Qc8 19. Bd5 Kh8 20. Nb5 Na5 21.
Nxg7 Bxd5 22. Rxd5 e6 23. Nh5 gxh5 24. Qe5 Kg7 25. Rd3 h4 26. Nd6 1-0

[Event "Wch Juvenil 2013 sub-18"]
[Site "Al-Ain UAE"]
[Date "2013.12.20"]
[Round "3.29"]
[White "Mons, Leon"]
[Black "Aleman Hernandez, Andres"]
[Result "1-0"]
[WhiteElo "2428"]
[BlackElo "2110"]
[PlyCount "97"]
[EventDate "2013.12.19"]
[EventType "swiss"]
[EventRounds "11"]
[EventCountry "UAE"]
[Source "lmi"]
[SourceDate "2013.12.19"]

1. d4 c5 2. d5 Nf6 3. Nc3 d6 4. e4 g6 5. Nf3 Bg7 6. Bb5+ Bd7 7. Bxd7+ Nbxd7 8.
O-O O-O 9. Re1 Rb8 10. a4 b6 11. h3 Ne8 12. Bf4 a6 13. Qd3 Nc7 14. e5 dxe5 15.
Nxe5 Nxe5 16. Bxe5 Bxe5 17. Rxe5 Qd6 18. Rae1 e6 19. dxe6 Qxd3 20. exf7+ Rxf7
21. cxd3 Rd8 22. R1e3 Rd4 23. a5 bxa5 24. Rxc5 Rb4 25. Ne4 Rxb2 26. Rxa5 Rb5
27. Ra1 Rd5 28. h4 Kg7 29. Ng5 Rfd7 30. Rc1 R5d6 31. Ne4 Rb6 32. h5 Nd5 33. Rf3
gxh5 34. Rc5 Rg6 35. Ng3 Nf6 36. Rcf5 Rd6 37. Rxf6 Rdxf6 38. Nxh5+ Kf7 39. Nxf6
Rxf6 40. Rxf6+ Kxf6 41. Kf1 Ke5 42. Ke2 h5 43. Kd2 h4 44. Kc3 Kd5 45. Kb4 Kd4
46. f4 Kd5 47. Ka5 Ke6 48. d4 Kf5 49. d5 1-0

[Event "Wch Juvenil 2013 sub-18"]
[Site "Al-Ain UAE"]
[Date "2013.12.20"]
[Round "3.30"]
[White "Licznerski, Lukasz"]
[Black "Grigorian, Roudolph"]
[Result "1-0"]
[WhiteElo "2354"]
[BlackElo "2101"]
[PlyCount "63"]
[EventDate "2013.12.19"]
[EventType "swiss"]
[EventRounds "11"]
[EventCountry "UAE"]
[Source "lmi"]
[SourceDate "2013.12.19"]

1. e4 e5 2. Nf3 Nc6 3. Bb5 a6 4. Ba4 Nf6 5. O-O Be7 6. Re1 b5 7. Bb3 d6 8. c3
O-O 9. d4 exd4 10. cxd4 Na5 11. Bc2 Re8 12. b3 Bf8 13. Nbd2 g6 14. e5 dxe5 15.
dxe5 Nh5 16. Be4 Rb8 17. Qc2 Ng7 18. Bb2 Ne6 19. Red1 Qe7 20. Bc3 b4 21. Bb2
Nc5 22. Nd4 Rb6 23. f4 Ne6 24. f5 Nxd4 25. Bxd4 c5 26. Bb2 Bh6 27. e6 Bxe6 28.
fxe6 Rxe6 29. Rf1 Bxd2 30. Bd5 Re5 31. Rxf7 Be3+ 32. Kh1 1-0

[Event "Wch Juvenil 2013 sub-18"]
[Site "Al-Ain UAE"]
[Date "2013.12.20"]
[Round "3.31"]
[White "Tvarijonas, Tomas"]
[Black "Shetty, Atulya"]
[Result "1-0"]
[WhiteElo "2176"]
[BlackElo "2350"]
[PlyCount "67"]
[EventDate "2013.12.19"]
[EventType "swiss"]
[EventRounds "11"]
[EventCountry "UAE"]
[Source "lmi"]
[SourceDate "2013.12.19"]

1. e4 c5 2. Nf3 d6 3. d4 cxd4 4. Nxd4 Nf6 5. Nc3 Nc6 6. Bg5 e6 7. Qd2 a6 8.
O-O-O Bd7 9. f4 b5 10. Qe1 Nxd4 11. Rxd4 Qb6 12. Rd2 b4 13. Nd1 Rc8 14. Kb1 Bc6
15. Bd3 a5 16. Bxf6 gxf6 17. Ne3 Be7 18. f5 a4 19. fxe6 fxe6 20. Bc4 Kd7 21. e5
fxe5 22. Qg3 Be4 23. Bxe6+ Kxe6 24. Qg4+ Kf7 25. Rf1+ Ke8 26. Qxc8+ Qd8 27. Qc4
Qa8 28. Qxb4 Kd7 29. Rf7 Qc6 30. Ng4 Ke6 31. Nxe5 Qb7 32. Rxe7+ Qxe7 33. Qxe4
dxe5 34. Qg4+ 1-0